00392nam a22001097a 4500008004100000040005500041080002100096245009000117260004000207300001100247653002400258230405b |||||||| |||| 00| 0 eng d aNational Science LibrarycNational Science Library a061.2:33.009bJ3 aWork of the: c/ Secretary-general bOrganisation for European economic co-operation  aLondon: bSecretary-General, c1959 a114p.  aEuropean economic